[Event "Turkish Club Cup 2019"]
[Site "Konya"]
[Date "2019.07.19"]
[Round "6"]
[White "Taskaya, Muhammed"]
[Black "Gulsoy, Mustafa Alpago"]
[Result "0-1"]
[WhiteElo "2011"]
[BlackElo "2069"]
[Annotator "NA"]
[PlyCount "62"]
[EventDate "2019.07.16"]
[EventType "team-tourn"]
[EventCountry "TUR"]
[SourceTitle "playchess.com"]
[Source "ChessBase"]
[SourceQuality "1"]
[TimeControl "5400+30"]

1. e4 {[%emt 0:00:30]} d6 {[%emt 0:00:30]} 2. d4 {[%emt 0:00:00]} Nf6 {[%emt 0:00:30]} 3. Nc3 {[%emt 0:00:00]} e5 {[%emt 0:00:30]} 4. Nge2 {[%emt 0:01:30]} Be7 {[%emt 0:02:30]} 5. h3 {[%emt 0:02:30]} c6 {[%emt 0:03:30]} 6. g4 {[%emt 0:01:30]} b5 {[%emt 0:03:30]} 7. Ng3 $14 {[%emt 0:03:30]} h5 {[%emt 0:23:30]} 8. g5 {[%emt 0:06:30]} Nh7 {[%emt 0:03:30]} 9. h4 {[%emt 0:18:30]} g6 {[%emt 0:00:30]} 10. f4 {[%emt 0:03:30]} exf4 {[%emt 0:00:30]} 11. Bxf4 {[%emt 0:00:30]} O-O {[%emt 0:00:30]} 12. Nxh5 {[%emt 0:11:30]} b4 {[%emt 0:05:30]} 13. Na4 {[%emt 0:02:30]} gxh5 {[%emt 0:02:30]} 14. Qxh5 {[%emt 0:00:00]} Qa5 {[%emt 0:14:30]} 15. Rg1 {[%emt 0:13:00]} Kh8 {[%emt 0:09:30]} 16. e5 {[%emt 0:07:30]} Bf5 {[%emt 0:02:30]} 17. exd6 {[%emt 0:00:30]} Bg6 {[%emt 0:04:30]} 18. Qe2 {[%emt 0:13:35]} Bf6 {[%emt 0:07:59]} 19. gxf6 {[%emt 0:01:46]} Nd7 {[%emt 0:00:02]} 20. h5 {[%emt 0:08:31]} Rae8 {[%emt 0:01:00]} 21. Be3 {[%emt 0:00:37]} Bxh5 {[%emt 0:00:19]} 22. Qd2 {[%emt 0:00:38]} Ndxf6 {[%emt 0:00:48]} 23. d7 {[%emt 0:01:56]} Nxd7 {[%emt 0:00:28]} 24. Bd3 {[%emt 0:00:55]} f5 {[%emt 0:03:34]} 25. Kf2 {[%emt 0:00:29]} Qxa4 {[%emt 0:01:23]} 26. Bf4 {[%emt 0:00:01]} Qa5 {[%emt 0:03:25]} 27. Bc4 {[%emt 0:01:00]} Nb6 {[%emt 0:03:11]} 28. Bd3 {[%emt 0:00:01]} Qd5 {[%emt 0:00:34]} 29. Rg3 {[%emt 0:01:04]} Qxd4+ {[%emt 0:00:30]} 30. Kg2 {[%emt 0:00:00]} Nd5 {[%emt 0:00:16]} 31. Bh6 {[%emt 0:00:00]} Rg8 {[%emt 0:00:15]} 0-1

[Event "Turkish Club Cup 2019"]
[Site "Konya"]
[Date "2019.07.19"]
[Round "6"]
[White "Caputcuoglu, Zeki Berke"]
[Black "Acar, Ilhami"]
[Result "0-1"]
[WhiteElo "2010"]
[BlackElo "1636"]
[Annotator "NA"]
[PlyCount "134"]
[EventDate "2019.07.16"]
[EventType "team-tourn"]
[EventCountry "TUR"]
[SourceTitle "playchess.com"]
[Source "ChessBase"]
[SourceQuality "1"]
[TimeControl "5400+30"]

1. Nf3 {[%emt 0:00:30]} d5 {[%emt 0:00:30]} 2. d4 {[%emt 0:00:30]} Nf6 {[%emt 0:00:30]} 3. c4 {[%emt 0:00:30]} e6 {[%emt 0:00:00]} 4. Nc3 {[%emt 0:00:00]} Be7 {[%emt 0:00:00]} 5. Bg5 {[%emt 0:00:00]} Nbd7 {[%emt 0:00:00]} 6. e3 $11 {[%emt 0:00:00]} h6 {[%emt 0:00:00]} 7. Bh4 {[%emt 0:00:00]} O-O {[%emt 0:00:30]} 8. Bd3 {[%emt 0:00:00]} dxc4 {[%emt 0:02:30]} 9. Bxc4 {[%emt 0:00:00]} b6 {[%emt 0:00:30]} 10. O-O {[%emt 0:00:30]} Bb7 {[%emt 0:00:00]} 11. Qe2 {[%emt 0:00:00]} Ne4 {[%emt 0:02:00]} 12. Bg3 {[%emt 0:00:00]} Nxg3 {[%emt 0:05:30]} 13. hxg3 {[%emt 0:00:30]} Nf6 {[%emt 0:02:30]} 14. Rfd1 {[%emt 0:04:30]} c6 {[%emt 0:06:30]} 15. e4 {[%emt 0:02:30]} Qc7 {[%emt 0:02:30]} 16. Rac1 {[%emt 0:04:30]} Rad8 {[%emt 0:01:30]} 17. e5 {[%emt 0:05:30]} Nh7 {[%emt 0:08:30]} 18. Bd3 {[%emt 0:11:30]} g6 {[%emt 0:09:30]} 19. Be4 {[%emt 0:18:30]} Qb8 {[%emt 0:02:30]} 20. Qc2 {[%emt 0:00:00]} Kg7 {[%emt 0:00:30]} 21. Qa4 {[%emt 0:26:00]} c5 {[%emt 0:06:30]} 22. d5 {[%emt 0:01:30]} exd5 {[%emt 0:03:30]} 23. Bxd5 {[%emt 0:03:30]} Bg5 {[%emt 0:03:30]} 24. Nxg5 {[%emt 0:01:30]} Nxg5 {[%emt 0:00:30]} 25. f4 {[%emt 0:00:30]} Bxd5 {[%emt 0:04:30]} 26. Rxd5 {[%emt 0:02:02]} Rxd5 {[%emt 0:02:30]} 27. Nxd5 {[%emt 0:00:02]} Ne6 {[%emt 0:01:30]} 28. Qe4 {[%emt 0:00:43]} Nd4 {[%emt 0:01:30]} 29. g4 {[%emt 0:01:24]} Qa8 {[%emt 0:00:30]} 30. Re1 {[%emt 0:02:08]} Rd8 {[%emt 0:01:30]} 31. Nf6 {[%emt 0:00:04]} Qxe4 {[%emt 0:00:30]} 32. Nxe4 {[%emt 0:01:41]} Ne6 {[%emt 0:02:30]} 33. g3 {[%emt 0:00:48]} Rd3 {[%emt 0:00:30]} 34. Kf2 {[%emt 0:00:01]} Nd4 {[%emt 0:01:30]} 35. Kg2 {[%emt 0:09:14]} Nc2 {[%emt 0:02:30]} 36. Re2 {[%emt 0:00:37]} Ne3+ {[%emt 0:00:30]} 37. Kf3 {[%emt 0:00:42]} Nf5+ {[%emt 0:01:30]} 38. Kg2 {[%emt 0:01:13]} Nd4 {[%emt 0:00:30]} 39. Rf2 {[%emt 0:00:45]} a5 {[%emt 0:04:30]} 40. Nd6 {[%emt 0:01:13]} a4 {[%emt 0:02:30]} 41. f5 {[%emt 0:01:27]} g5 {[%emt 0:01:30]} 42. f6+ {[%emt 0:01:23]} Kf8 {[%emt 0:02:16]} 43. Nf5 {[%emt 0:01:27]} Nxf5 {[%emt 0:03:49]} 44. gxf5 {[%emt 0:00:36]} Re3 {[%emt 0:00:31]} 45. Rd2 {[%emt 0:00:15]} Ke8 {[%emt 0:00:43]} 46. Rd5 {[%emt 0:00:09]} g4 {[%emt 0:01:33]} 47. Kf2 {[%emt 0:00:15]} Re4 {[%emt 0:00:45]} 48. Kf1 {[%emt 0:00:56]} h5 {[%emt 0:00:28]} 49. Kf2 {[%emt 0:00:28]} Rd4 {[%emt 0:07:52]} 50. Rxd4 {[%emt 0:02:22]} cxd4 {[%emt 0:00:03]} 51. Ke2 {[%emt 0:00:17]} Kd7 {[%emt 0:00:49]} 52. e6+ {[%emt 0:00:40]} fxe6 {[%emt 0:01:17]} 53. f7 {[%emt 0:00:30]} Ke7 {[%emt 0:00:30]} 54. fxe6 {[%emt 0:00:00]} b5 {[%emt 0:00:00]} 55. a3 {[%emt 0:00:00]} Kf8 {[%emt 0:00:07]} 56. Kd3 {[%emt 0:01:22]} h4 {[%emt 0:01:48]} 57. Ke4 {[%emt 0:00:41]} hxg3 {[%emt 0:02:38]} 58. Kf5 {[%emt 0:00:14]} Ke7 {[%emt 0:00:22]} 59. Kg6 {[%emt 0:00:30]} g2 {[%emt 0:00:30]} 60. Kg7 {[%emt 0:00:00]} g1=Q {[%emt 0:00:24]} 61. f8=Q+ {[%emt 0:00:00]} Kxe6 {[%emt 0:00:26]} 62. Qe8+ {[%emt 0:00:17]} Kd6 {[%emt 0:01:25]} 63. Qxb5 {[%emt 0:01:31]} Qe3 {[%emt 0:00:37]} 64. Qxa4 {[%emt 0:00:54]} Qg5+ {[%emt 0:00:40]} 65. Kf7 {[%emt 0:00:33]} Qf5+ {[%emt 0:00:52]} 66. Kg8 {[%emt 0:00:23]} Qc8+ {[%emt 0:00:00]} 67. Kg7 {[%emt 0:00:30]} Qd7+ {[%emt 0:00:00]} 0-1

[Event "Turkish Club Cup 2019"]
[Site "Konya"]
[Date "2019.07.19"]
[Round "6"]
[White "Guner, Bulent"]
[Black "Akcan, Umit"]
[Result "0-1"]
[WhiteElo "1979"]
[BlackElo "1960"]
[Annotator "NA"]
[PlyCount "78"]
[EventDate "2019.07.16"]
[EventType "team-tourn"]
[EventCountry "TUR"]
[SourceTitle "playchess.com"]
[Source "ChessBase"]
[SourceQuality "1"]
[TimeControl "5400+30"]

1. d4 {[%emt 0:00:30]} d5 {[%emt 0:00:30]} 2. c4 {[%emt 0:00:30]} e6 {[%emt 0:00:00]} 3. Nf3 {[%emt 0:01:30]} Nf6 {[%emt 0:00:00]} 4. g3 {[%emt 0:00:30]} dxc4 {[%emt 0:02:30]} 5. Qa4+ {[%emt 0:03:30]} Nbd7 {[%emt 0:05:30]} 6. Bg2 {[%emt 0:07:30]} a6 {[%emt 0:00:30]} 7. Qxc4 {[%emt 0:00:30]} b5 {[%emt 0:00:30]} 8. Qc2 {[%emt 0:09:30]} Bb7 {[%emt 0:00:30]} 9. O-O {[%emt 0:01:30]} c5 {[%emt 0:03:30]} 10. dxc5 {[%emt 0:08:30]} Bxc5 {[%emt 0:00:30]} 11. Bg5 {[%emt 0:05:30]} Rc8 {[%emt 0:02:30]} 12. Qb3 {[%emt 0:07:30]} O-O {[%emt 0:20:30]} 13. Nc3 {[%emt 0:02:30]} b4 {[%emt 0:07:30]} 14. Na4 {[%emt 0:08:30]} Bd5 {[%emt 0:01:30]} 15. Qd1 {[%emt 0:01:30]} Be7 {[%emt 0:01:30]} 16. b3 {[%emt 0:06:30]} h6 {[%emt 0:05:30]} 17. Bf4 {[%emt 0:03:30]} Ne4 {[%emt 0:01:30]} 18. Qd3 {[%emt 0:03:30]} Ndc5 {[%emt 0:06:30]} 19. Nxc5 {[%emt 0:01:30]} Bxc5 {[%emt 0:00:30]} 20. Be3 {[%emt 0:07:58]} Bxe3 {[%emt 0:03:30]} 21. Qxe3 {[%emt 0:00:02]} Nc3 {[%emt 0:04:30]} 22. Rfc1 {[%emt 0:04:22]} Qf6 {[%emt 0:07:30]} 23. Ne5 {[%emt 0:00:37]} Rfd8 {[%emt 0:08:34]} 24. Nd3 {[%emt 0:04:07]} a5 {[%emt 0:02:31]} 25. a3 {[%emt 0:02:50]} Qe7 {[%emt 0:06:34]} 26. axb4 {[%emt 0:00:51]} axb4 {[%emt 0:00:05]} 27. Bxd5 {[%emt 0:00:44]} Nxd5 {[%emt 0:01:15]} 28. Qd2 {[%emt 0:02:54]} Nc3 {[%emt 0:02:06]} 29. f3 {[%emt 0:02:08]} Qd6 {[%emt 0:00:41]} 30. Kf2 {[%emt 0:02:13]} Qd5 {[%emt 0:02:54]} 31. Ra7 {[%emt 0:00:58]} Qf5 {[%emt 0:01:33]} 32. Qe3 {[%emt 0:00:41]} Nd5 {[%emt 0:01:30]} 33. Rxc8 {[%emt 0:00:40]} Rxc8 {[%emt 0:00:01]} 34. Qd4 {[%emt 0:00:34]} Qh3 {[%emt 0:00:47]} 35. Ne1 {[%emt 0:00:40]} Qxh2+ {[%emt 0:00:47]} 36. Ng2 {[%emt 0:00:02]} Rc1 {[%emt 0:00:29]} 37. Ra8+ {[%emt 0:00:40]} Kh7 {[%emt 0:00:30]} 38. Qd3+ {[%emt 0:00:12]} f5 {[%emt 0:00:00]} 39. g4 {[%emt 0:01:04]} Nf4 {[%emt 0:00:46]} 0-1

[Event "Turkish Club Cup 2019"]
[Site "Konya"]
[Date "2019.07.19"]
[Round "6"]
[White "Cakiroglu, Metin"]
[Black "Aslan, Dogukan"]
[Result "1/2-1/2"]
[WhiteElo "1970"]
[BlackElo "1806"]
[Annotator "NA"]
[PlyCount "60"]
[EventDate "2019.07.16"]
[EventType "team-tourn"]
[EventCountry "TUR"]
[SourceTitle "playchess.com"]
[Source "ChessBase"]
[SourceQuality "1"]
[TimeControl "5400+30"]

1. c4 {[%emt 0:00:30]} c5 {[%emt 0:00:30]} 2. Nf3 {[%emt 0:00:00]} Nc6 {[%emt 0:01:30]} 3. d4 {[%emt 0:02:00]} cxd4 {[%emt 0:00:30]} 4. Nxd4 {[%emt 0:00:00]} g6 {[%emt 0:00:00]} 5. Nc3 {[%emt 0:01:00]} Bg7 {[%emt 0:00:00]} 6. Nc2 {[%emt 0:00:00]} Nf6 {[%emt 0:01:30]} 7. e4 {[%emt 0:00:00]} d6 {[%emt 0:00:30]} 8. Be2 {[%emt 0:00:30]} O-O {[%emt 0:00:30]} 9. O-O {[%emt 0:00:00]} Bd7 {[%emt 0:02:30]} 10. Rb1 {[%emt 0:01:00]} Rc8 {[%emt 0:04:30]} 11. Re1 {[%emt 0:07:30]} a6 {[%emt 0:03:30]} 12. Ne3 {[%emt 0:01:30]} Na7 {[%emt 0:18:30]} 13. Ned5 {[%emt 0:06:30]} Nxd5 {[%emt 0:03:30]} 14. Nxd5 {[%emt 0:05:30]} e6 {[%emt 0:13:30]} 15. Nc3 {[%emt 0:06:30]} Qc7 {[%emt 0:01:30]} 16. Bg5 {[%emt 0:14:30]} Nc6 {[%emt 0:03:30]} 17. Qd2 {[%emt 0:02:30]} Nd4 {[%emt 0:07:30]} 18. Bf1 {[%emt 0:01:30]} Bc6 {[%emt 0:02:30]} 19. Rbc1 {[%emt 0:06:30]} e5 {[%emt 0:04:30]} 20. Nd5 {[%emt 0:03:30]} Bxd5 {[%emt 0:01:30]} 21. cxd5 {[%emt 0:01:30]} Qd7 {[%emt 0:00:30]} 22. Be3 {[%emt 0:02:30]} Rxc1 {[%emt 0:00:30]} 23. Rxc1 {[%emt 0:00:00]} Rc8 {[%emt 0:00:30]} 24. Bxd4 {[%emt 0:00:00]} exd4 {[%emt 0:00:30]} 25. Rxc8+ {[%emt 0:00:30]} Qxc8 {[%emt 0:00:30]} 26. Bd3 {[%emt 0:00:30]} Qc7 {[%emt 0:00:00]} 27. Qc2 {[%emt 0:02:30]} Qxc2 {[%emt 0:00:00]} 28. Bxc2 {[%emt 0:00:00]} Kf8 {[%emt 0:00:00]} 29. Bd3 {[%emt 0:00:00]} a5 {[%emt 0:00:00]} 30. Kf1 {[%emt 0:00:30]} b6 {[%emt 0:00:00]} 1/2-1/2

[Event "Turkish Club Cup 2019"]
[Site "Konya"]
[Date "2019.07.19"]
[Round "6"]
[White "Ozturkler, Baris"]
[Black "Aysoy, Veysi"]
[Result "1/2-1/2"]
[WhiteElo "1966"]
[BlackElo "1881"]
[Annotator "NA"]
[PlyCount "87"]
[EventDate "2019.07.16"]
[EventType "team-tourn"]
[EventCountry "TUR"]
[SourceTitle "playchess.com"]
[Source "ChessBase"]
[SourceQuality "1"]
[TimeControl "5400+30"]

1. e4 {[%emt 0:00:30]} d5 {[%emt 0:00:30]} 2. exd5 {[%emt 0:00:30]} Nf6 {[%emt 0:00:30]} 3. d4 {[%emt 0:00:30]} Nxd5 {[%emt 0:00:30]} 4. c4 {[%emt 0:00:30]} Nb6 {[%emt 0:00:30]} 5. Nf3 {[%emt 0:00:00]} g6 {[%emt 0:00:30]} 6. Nc3 {[%emt 0:00:00]} Bg7 {[%emt 0:00:30]} 7. c5 {[%emt 0:00:30]} Nd5 {[%emt 0:01:30]} 8. Bc4 {[%emt 0:00:30]} Nxc3 {[%emt 0:00:30]} 9. bxc3 {[%emt 0:00:30]} O-O {[%emt 0:01:30]} 10. O-O {[%emt 0:00:00]} Nc6 {[%emt 0:05:30]} 11. Re1 {[%emt 0:00:00]} Bg4 {[%emt 0:05:30]} 12. Bg5 {[%emt 0:01:30]} Bf6 {[%emt 0:03:30]} 13. Bxf6 {[%emt 0:06:30]} exf6 {[%emt 0:02:30]} 14. h3 {[%emt 0:00:30]} Bxf3 {[%emt 0:09:30]} 15. Qxf3 {[%emt 0:01:30]} Na5 {[%emt 0:01:30]} 16. Bf1 {[%emt 0:03:30]} Kg7 {[%emt 0:01:30]} 17. Rab1 {[%emt 0:03:30]} Re8 {[%emt 0:06:30]} 18. Bb5 {[%emt 0:13:30]} c6 {[%emt 0:06:30]} 19. Bd3 {[%emt 0:03:30]} Qd7 {[%emt 0:03:30]} 20. g4 {[%emt 0:05:30]} Rab8 {[%emt 0:15:30]} 21. Re3 {[%emt 0:07:30]} Re6 {[%emt 0:05:30]} 22. Rbe1 {[%emt 0:02:30]} Rbe8 {[%emt 0:01:30]} 23. R1e2 {[%emt 0:14:30]} R8e7 {[%emt 0:04:30]} 24. a3 {[%emt 0:10:30]} Rxe3 {[%emt 0:07:49]} 25. fxe3 {[%emt 0:03:30]} Nb3 {[%emt 0:02:12]} 26. Bc4 {[%emt 0:01:30]} Na5 {[%emt 0:00:54]} 27. Ba2 {[%emt 0:00:37]} b6 {[%emt 0:01:15]} 28. Rf2 {[%emt 0:01:42]} f5 {[%emt 0:05:32]} 29. gxf5 {[%emt 0:02:53]} Qxf5 {[%emt 0:00:51]} 30. Qxf5 {[%emt 0:00:33]} gxf5 {[%emt 0:00:05]} 31. Rxf5 {[%emt 0:01:45]} Kg6 {[%emt 0:02:39]} 32. Bb1 {[%emt 0:04:32]} Kg7 {[%emt 0:02:10]} 33. cxb6 {[%emt 0:01:43]} axb6 {[%emt 0:00:14]} 34. Kf2 {[%emt 0:02:43]} Nc4 {[%emt 0:00:31]} 35. Rf3 {[%emt 0:02:22]} Ra7 {[%emt 0:02:44]} 36. Bd3 {[%emt 0:01:58]} Nb2 {[%emt 0:00:34]} 37. Be4 {[%emt 0:01:32]} c5 {[%emt 0:00:53]} 38. dxc5 {[%emt 0:01:53]} bxc5 {[%emt 0:00:01]} 39. Rf5 {[%emt 0:01:35]} Nd1+ {[%emt 0:00:15]} 40. Kf3 {[%emt 0:00:52]} Nxc3 {[%emt 0:00:30]} 41. Bc2 {[%emt 0:00:30]} Ra5 {[%emt 0:00:24]} 42. a4 {[%emt 0:00:00]} Nxa4 {[%emt 0:00:42]} 43. Bxa4 {[%emt 0:00:04]} Rxa4 {[%emt 0:00:28]} 44. Rxc5 {[%emt 0:00:30]} 1/2-1/2

[Event "Turkish Club Cup 2019"]
[Site "Konya"]
[Date "2019.07.19"]
[Round "6"]
[White "Salman, Ilhan Serhat"]
[Black "Daghan, Devran"]
[Result "1-0"]
[WhiteElo "1950"]
[BlackElo "2023"]
[Annotator "NA"]
[PlyCount "54"]
[EventDate "2019.07.16"]
[EventType "team-tourn"]
[EventCountry "TUR"]
[SourceTitle "playchess.com"]
[Source "ChessBase"]
[SourceQuality "1"]
[TimeControl "5400+30"]

1. d4 {[%emt 0:00:30]} g6 {[%emt 0:00:30]} 2. Nf3 {[%emt 0:00:30]} Bg7 {[%emt 0:00:00]} 3. g3 {[%emt 0:00:30]} d6 {[%emt 0:00:00]} 4. Bg2 {[%emt 0:00:30]} Nd7 {[%emt 0:00:00]} 5. O-O {[%emt 0:00:00]} e5 $11 {[%emt 0:01:00]} 6. dxe5 {[%emt 0:00:00]} dxe5 {[%emt 0:00:00]} 7. Nc3 {[%emt 0:01:30]} Ne7 {[%emt 0:01:00]} 8. e4 {[%emt 0:02:30]} O-O {[%emt 0:02:30]} 9. Be3 {[%emt 0:02:30]} c6 {[%emt 0:05:30]} 10. Qd6 {[%emt 0:02:30]} Re8 {[%emt 0:03:30]} 11. Rad1 {[%emt 0:02:30]} Bf8 {[%emt 0:11:30]} 12. Qd2 {[%emt 0:12:30]} Qc7 {[%emt 0:08:30]} 13. Ng5 {[%emt 0:21:30]} h6 {[%emt 0:17:30]} 14. Nh3 {[%emt 0:01:30]} Kh7 {[%emt 0:10:30]} 15. f4 {[%emt 0:01:30]} Ng8 {[%emt 0:04:30]} 16. Nf2 {[%emt 0:03:30]} Ndf6 {[%emt 0:16:51]} 17. fxe5 {[%emt 0:04:30]} Qxe5 {[%emt 0:00:28]} 18. Nd3 {[%emt 0:08:30]} Qe7 {[%emt 0:05:01]} 19. e5 {[%emt 0:13:01]} Ng4 {[%emt 0:01:59]} 20. Bc5 {[%emt 0:01:20]} Qc7 {[%emt 0:00:11]} 21. Bd4 {[%emt 0:06:26]} Bg7 {[%emt 0:03:57]} 22. Qf4 {[%emt 0:01:52]} Bf5 {[%emt 0:00:53]} 23. Be4 {[%emt 0:01:40]} Bxe4 {[%emt 0:00:45]} 24. Nxe4 {[%emt 0:00:33]} c5 {[%emt 0:03:42]} 25. Bc3 {[%emt 0:01:53]} c4 {[%emt 0:01:13]} 26. Qxg4 {[%emt 0:00:45]} cxd3 {[%emt 0:00:33]} 27. Rxd3 {[%emt 0:00:25]} Bf8 {[%emt 0:01:27]} 1-0

[Event "Turkish Club Cup 2019"]
[Site "Konya"]
[Date "2019.07.19"]
[Round "6"]
[White "Celiker, Yakup"]
[Black "Cetinkaya, Vedat Ali"]
[Result "1/2-1/2"]
[WhiteElo "1930"]
[BlackElo "2074"]
[Annotator "NA"]
[PlyCount "60"]
[EventDate "2019.07.16"]
[EventType "team-tourn"]
[EventCountry "TUR"]
[SourceTitle "playchess.com"]
[Source "ChessBase"]
[SourceQuality "1"]
[TimeControl "5400+30"]

1. f4 {[%emt 0:00:30]} d5 {[%emt 0:01:30]} 2. b3 {[%emt 0:00:30]} Nf6 {[%emt 0:01:30]} 3. Bb2 {[%emt 0:02:30]} c5 {[%emt 0:00:30]} 4. Nf3 {[%emt 0:00:30]} Nc6 {[%emt 0:00:30]} 5. e3 {[%emt 0:00:30]} Bg4 {[%emt 0:01:30]} 6. Be2 {[%emt 0:00:30]} e6 {[%emt 0:02:30]} 7. O-O {[%emt 0:04:30]} Be7 {[%emt 0:08:30]} 8. Ne5 {[%emt 0:01:30]} Bxe2 {[%emt 0:00:30]} 9. Qxe2 {[%emt 0:00:00]} Qc7 {[%emt 0:02:30]} 10. a4 {[%emt 0:04:00]} O-O {[%emt 0:02:30]} 11. d3 {[%emt 0:05:30]} Rad8 {[%emt 0:03:30]} 12. Nd2 {[%emt 0:05:30]} d4 {[%emt 0:03:30]} 13. Nxc6 {[%emt 0:00:30]} Qxc6 {[%emt 0:00:30]} 14. e4 {[%emt 0:00:30]} Qc7 {[%emt 0:06:30]} 15. Nc4 {[%emt 0:01:30]} Ne8 {[%emt 0:12:30]} 16. f5 {[%emt 0:06:30]} exf5 {[%emt 0:08:30]} 17. Rxf5 {[%emt 0:01:30]} Nd6 {[%emt 0:00:30]} 18. Nxd6 {[%emt 0:03:30]} Rxd6 {[%emt 0:00:30]} 19. Raf1 {[%emt 0:03:30]} Rh6 {[%emt 0:02:30]} 20. g3 {[%emt 0:02:30]} Rg6 {[%emt 0:00:30]} 21. Bc1 {[%emt 0:02:30]} Bd6 {[%emt 0:07:30]} 22. Bf4 {[%emt 0:11:30]} Re6 {[%emt 0:04:30]} 23. Bxd6 {[%emt 0:00:30]} Qxd6 {[%emt 0:00:30]} 24. Qf3 {[%emt 0:00:30]} f6 {[%emt 0:01:30]} 25. Rd5 {[%emt 0:02:30]} Qe7 {[%emt 0:00:30]} 26. Rf5 {[%emt 0:05:30]} Re8 {[%emt 0:01:30]} 27. g4 {[%emt 0:00:00]} Re5 {[%emt 0:01:30]} 28. Kg2 {[%emt 0:02:00]} Qf7 {[%emt 0:02:30]} 29. h3 {[%emt 0:05:30]} Qg6 {[%emt 0:00:30]} 30. Qg3 {[%emt 0:00:30]} h6 {[%emt 0:02:30]} 1/2-1/2

[Event "Turkish Club Cup 2019"]
[Site "Konya"]
[Date "2019.07.19"]
[Round "6"]
[White "Sayin, Atakan"]
[Black "Cevrin, Muhammed Cemre"]
[Result "1/2-1/2"]
[WhiteElo "1925"]
[BlackElo "1860"]
[Annotator "NA"]
[PlyCount "62"]
[EventDate "2019.07.16"]
[EventType "team-tourn"]
[EventCountry "TUR"]
[SourceTitle "playchess.com"]
[Source "ChessBase"]
[SourceQuality "1"]
[TimeControl "5400+30"]

1. e4 {[%emt 0:00:30]} c5 {[%emt 0:00:30]} 2. Nf3 {[%emt 0:00:00]} d6 {[%emt 0:00:30]} 3. Bb5+ {[%emt 0:02:00]} Nd7 {[%emt 0:06:30]} 4. O-O {[%emt 0:03:30]} a6 {[%emt 0:02:30]} 5. Bd3 {[%emt 0:03:30]} Ngf6 {[%emt 0:01:30]} 6. c3 {[%emt 0:05:30]} g6 {[%emt 0:10:30]} 7. Re1 {[%emt 0:05:30]} Bg7 {[%emt 0:02:30]} 8. Bc2 {[%emt 0:03:30]} O-O {[%emt 0:06:30]} 9. d4 {[%emt 0:04:30]} e5 {[%emt 0:06:30]} 10. dxe5 {[%emt 0:02:30]} Nxe5 {[%emt 0:02:30]} 11. Nxe5 {[%emt 0:02:30]} dxe5 {[%emt 0:00:30]} 12. Qxd8 {[%emt 0:01:30]} Rxd8 {[%emt 0:00:30]} 13. Be3 {[%emt 0:00:30]} b6 {[%emt 0:04:30]} 14. h3 {[%emt 0:06:30]} Be6 {[%emt 0:00:30]} 15. Nd2 {[%emt 0:00:30]} Ne8 {[%emt 0:02:30]} 16. a4 {[%emt 0:01:30]} a5 {[%emt 0:00:00]} 17. Rad1 {[%emt 0:02:30]} Rd7 {[%emt 0:00:00]} 18. Nf3 {[%emt 0:01:30]} Rxd1 {[%emt 0:01:30]} 19. Rxd1 {[%emt 0:00:30]} f6 {[%emt 0:00:30]} 20. Kf1 {[%emt 0:01:30]} Kf7 {[%emt 0:00:00]} 21. Ke1 {[%emt 0:01:30]} Ke7 {[%emt 0:01:00]} 22. b3 {[%emt 0:00:30]} Rd8 {[%emt 0:00:30]} 23. Rxd8 {[%emt 0:00:30]} Kxd8 {[%emt 0:00:30]} 24. Nd2 {[%emt 0:00:30]} Nd6 {[%emt 0:00:30]} 25. f3 {[%emt 0:00:30]} Kc7 {[%emt 0:00:00]} 26. Bd3 {[%emt 0:04:30]} Bf8 {[%emt 0:00:00]} 27. Nc4 {[%emt 0:00:00]} Nxc4 {[%emt 0:01:30]} 28. Bxc4 {[%emt 0:00:00]} Bxc4 {[%emt 0:00:00]} 29. bxc4 {[%emt 0:00:30]} Kd7 {[%emt 0:00:00]} 30. Ke2 {[%emt 0:00:30]} Ke6 {[%emt 0:00:30]} 31. Kd3 {[%emt 0:00:00]} Bg7 {[%emt 0:00:30]} 1/2-1/2